00553nam a22002057a 450000500170000001000110001702000100002803500110003803700160004904000120006508200160007710000220009324500610011526000430017627000470021930000200026650000240028665000190031065000180032920170124110156.0 a738818 c00.00 a738818 bCen Lib/Ret aDPLbEN a181.45bROY aRoy, Dilip Kumar  aThe bhagavad gita :cby Dilip Kumar Roy ba revelation / aNew Delhi bIndian Book Company c1974 bNew Delhi a26A, mayapuri, phase-1e110027 a189p.c21cm(Hb) aIncludes glossary  z aPhilosophy  aBhagvad gita